Australian Sports teams - Statistics

General Stats
  • This quiz has been taken 9 times
  • The average score is 41 of 72
Answer Stats
Hint Answer % Correct
AFL Brisbane Lions
88%
AFL Geelong Cats
88%
AFL North Melbourne Kangaroos
88%
AFL Adelaide Crows
75%
NRL Brisbane Broncos
75%
NRL Canberra Raiders
75%
NRL Canterbury-Bankstown Bulldogs
75%
AFL Carlton Blues
75%
AFL Collingwood Magpies
75%
AFL Essendon Bombers
75%
AFL Fremantle Dockers
75%
AFL Gold Coast Suns
75%
AFL Greater Western Sydney Giants
75%
AFL Hawthorn Hawks
75%
NRL Manly-Warringah Sea Eagles
75%
AFL Melbourne Demons
75%
NRL Melbourne Storm
75%
NRL Newcastle Knights
75%
NRL North Queensland Cowboys
75%
AFL Port Adelaide Power
75%
AFL Richmond Tigers
75%
AFL Sydney Swans
75%
AFL West Coast Eagles
75%
AFL Western Bulldogs
75%
A-League Adelaide United
63%
NBL Brisbane Bullets
63%
BBL Brisbane Heat
63%
NBL Cairns Taipans
63%
NRL Cronulla-Sutherland Sharks
63%
NRL Dolphins
63%
NRL Gold Coast Titans
63%
NBL Illawarra Hawks
63%
A-League Melbourne City
63%
BBL Melbourne Stars
63%
NBL Melbourne United
63%
A-League Melbourne Victory
63%
A-League Newcastle Jets
63%
NRL New Zealand Warriors
63%
NRL Parramatta Eels
63%
NRL Penrith Panthers
63%
NBL Perth Wildcats
63%
AFL St. Kilda Saints
63%
NBL Sydney Kings
63%
NRL Sydney Roosters
63%
BBL Sydney Sixers
63%
NBL Tasmania JackJumpers
63%
A-League Western Sydney Warriors
63%
NRL Wests Tigers
63%
NBL Adelaide 36ers
50%
A-League Brisbane Roar
50%
BBL Hobart Hurricanes
50%
BBL Melbourne Renegades
50%
BBL Perth Scorchers
50%
NBL South-East Melbourne Phoenix
50%
NRL South Sydney Rabbitohs
50%
NRL St. George Illawarra Dragons
50%
A-League Wellington Phoenix
50%
A-League Central Coast Mariners
38%
SSN Giants Netball
38%
NBL New Zealand Breakers
38%
A-League Perth Glory
38%
A-League Sydney FC
38%
SSN West Coast Fever
38%
BBL Adelaide Strikers
25%
A-League MaCarthur FC
25%
BBL Sydney Thunder
25%
SSN Adelaide Thunderbirds
13%
SSN Queensland Firebirds
13%
SSN Melbourne Mavericks
0%
SSN Melbourne Vixens
0%
SSN NSW Swifts
0%
SSN Sunshine Coast Lightning
0%
No matching quizzes found
Score Distribution
Percent of People with Each Score
Percentile by Number Answered
Your Score History
You have not taken this quiz